[Event "EU-ch 8th"]
[Site "Dresden"]
[Date "2007.04.14"]
[Round "11"]
[White "Vallejo Pons, Francisco"]
[Black "Mastrovasilis, Dimitrios"]
[Result "1-0"]
[WhiteElo "2676"]
[BlackElo "2546"]
[Annotator "Krasenkow,M"]
[PlyCount "67"]
[EventDate "2007.04.03"]
[EventType "swiss"]
[EventRounds "11"]
[EventCountry "GER"]
[SourceTitle "CBM 118"]
[Source "ChessBase"]
[SourceDate "2007.05.31"]
[SourceVersion "1"]
[SourceVersionDate "2007.05.31"]
[SourceQuality "1"]

1. d4 d5 2. c4 c6 3. Nc3 Nf6 4. e3 e6 5. Nf3 Nbd7 6. Bd3 dxc4 7. Bxc4 b5 8. Bd3
a6 9. e4 c5 10. e5 cxd4 11. Nxb5 Ng4 12. Nd6+ Bxd6 13. exd6 Qa5+ {This line
was examined in CBM 90 by GM Ch.Lutz in his annotations to my game vs. D.
Fridman.} 14. Bd2 {A natural move, which may be revived after the present game.
The other option (chosen by me in the above-mentioned game) is} (14. Qd2) 14...
Qd5 15. O-O (15. Qa4 Nge5 16. Nxe5 Qxe5+ 17. Kf1 O-O (17... Bb7 $142 {[%cal
Ye5d5,Yb7c6]} 18. Rc1 Qxd6 19. Bb4 Qf4 $132) 18. Re1 Qf6 19. Rc1 Rb8 20. Rxc8
Rfxc8 21. Qxd7 Rd8 22. Qc7 Rxb2 23. Qc1 $14 {1/2-1/2 Ayapbergenov,A-Volzhin,A/
Volgograd 1994/CBM 041 (51)}) (15. Bf4 e5 (15... Nge5 $5) 16. Qe2 Rb8 (16...
Qxd6 17. h3 Qe7 $14) 17. h3 Ngf6 18. Nxe5 O-O 19. Nxd7 Bxd7 20. O-O Rfe8 21.
Qd2 Ne4 22. Qc2 h6 23. Bxa6 Nxd6 24. Bd3 Rbc8 25. Qb3 Qxb3 26. axb3 $14 {
1/2-1/2 Halasz,T-Krug,K/Recklinghausen 2005/CBM 107 ext (48)}) (15. Qe2 $5)
15... Nge5 (15... O-O 16. Re1 Ngf6 17. Bf4 Bb7 18. Bf1 $6 (18. Rc1 $14) 18...
Rfe8 19. Be5 Nxe5 20. Rxe5 Qxd6 21. Qxd4 Red8 22. Qxd6 Rxd6 $11 {1/2-1/2
Ballicora,M-Ciaffone,R/USA 1998/EXT 2002 (69)}) 16. Bf4 $5 $146 {[%mdl 8]
White allows the destruction of his pawn structure just to gain a tempo for
development (or, more strictly, to prevent Black from gaining a tempo by ...
Bc8-b7). Apparently, it is not enough to get an advantage.} (16. Nxe5 Nxe5 17.
Bc2 (17. Bb4 $2 a5 18. d7+ Bxd7 19. Ba3 Bc6 20. f3 Nxd3 21. Qxd3 Bb5 $19 {
0-1 Illescas Cordoba,M-Oll,L/Groningen 1993/CBM 039/[Chekhov] (36)}) (17. Bf4
Bb7 18. f3 Nxd3 19. Qxd3 O-O 20. Rfe1 f6 21. Qa3 Rfd8 22. Rac1 e5 23. Rc7 Bc6
24. Bd2 Qxd6 $15 {1/2-1/2 Cvitan,O-Chernin,A/Debrecen 1992/EU-chT/[Bulletin] 
(38)}) 17... Bb7 (17... O-O $5) 18. Ba4+ Bc6 19. Bxc6+ Nxc6 20. Qg4 Qf5 (20...
g6 $5) 21. Qg3 O-O 22. Rac1 Ne5 23. b4 Nd7 24. a4 Rfd8 25. Rfe1 Qd5 26. Rc7 Nf6
27. Bf4 Ne4 28. Qf3 Nxd6 29. Qxd5 exd5 30. Ree7 d3 $132 {1/2-1/2 Noble,
M-Heineman,C/Chessfriend.com 2005/Telechess CBM 113 (85)}) 16... Bb7 (16... O-O
17. Nxe5 Nxe5 18. Bxh7+ Kxh7 19. Qh5+ Kg8 20. Qxe5 $16) (16... Nxf3+ $5 17.
gxf3 {[%cal Rd3e4]} Nc5 18. Rc1 Nxd3 19. Qxd3 f6 20. Rc7 e5 $13) 17. Rc1 (17.
Re1 Nxf3+ 18. gxf3 Qxf3 19. Qxf3 Bxf3 20. Rac1 O-O $13) 17... g5 $1 {
Non-standard concepts require non-standard reactions!} 18. Bg3 Nxf3+ (18... g4
19. Nh4 Qxd6 20. Qxg4 $14) (18... h5 $5 19. Re1 (19. Rc7 Nxd3 20. Qxd3 h4) (19.
h3 g4 20. Nh4 gxh3) 19... Nxf3+ 20. gxf3 Qxf3 21. Qxf3 Bxf3 22. Rc7 h4 23. Be5
Nxe5 24. Rxe5 Rd8 $13) 19. gxf3 Qxf3 20. Qxf3 Bxf3 21. Rc7 {Castling is
prevented and it is not easy for Black to free his pieces.} Rd8 $2 {After this
move White keeps his pair of bishops and dangerous passed d6 pawn, in addition
obtaining strong queenside passed pawns.} (21... f5 $1 {was probably the way
to solve Black's problems. A possible line:} 22. Bxa6 (22. Bc4 f4 23. Bxe6 Nb6
$13) 22... f4 23. Bb5 Rd8 24. Re1 (24. Rfc1 d3 $1) 24... Bd5 25. Rec1 (25. a4
fxg3 26. hxg3 Rf8 {[%cal Yf8f7,Ye8f8]}) 25... fxg3 26. hxg3 d3 $1 27. Rxd7 Rxd7
28. Rc7 O-O 29. Bxd7 (29. Rxd7 $4 d2 30. Be2 (30. Ba4 Bc6) 30... Bf3 $19) 29...
d2 30. Ba4 Rd8 31. d7 Kf7 32. Bd1 Bxa2 {with a probable draw.}) 22. Bxa6 O-O (
22... f5 {is too late:} 23. Re1 Bd5 24. f3) 23. Bb5 Nf6 24. a4 $6 (24. Ra7 $1
$16) 24... Nd5 $6 {Missing a good chance to survive.} (24... Ne8 $1 25. Rc5
Nxd6 26. Rxg5+ Kh8 $14) 25. Rc4 (25. Rfc1 $5) 25... Be2 (25... h5 26. h3 h4 27.
Bh2 f6 28. Rxd4 e5 29. Rd3 $1 Be4 30. Rd2 Rxd6 31. f3 $18) 26. Rxd4 Bxb5 27.
axb5 Rb8 28. Rc1 Rfd8 (28... Rxb5 29. d7 Rb7 30. Bc7 $1 $18) 29. d7 $5 Nf4 (
29... Rb7 30. Rc8 Rbxd7 31. Rxd8+ Rxd8 32. b6 Rd7 33. Rxd5 $1 exd5 34. Bc7 $18)
(29... Ra8 30. Rxd5 exd5 31. Rc8 $1 $18) 30. Rxf4 $1 gxf4 31. Bxf4 Ra8 (31...
Rb7 32. Rc8 Rbxd7 33. Rxd8+ Rxd8 34. b6 $18) 32. Rc8 Rdxc8 33. dxc8=Q+ Rxc8 34.
b6 1-0

[Event "Gashimov Memorial 6th"]
[Site "Shamkir"]
[Date "2019.04.04"]
[Round "5"]
[White "Navara, David"]
[Black "Ding, Liren"]
[Result "1-0"]
[WhiteElo "2739"]
[BlackElo "2812"]
[Annotator "Krasenkow,M"]
[PlyCount "89"]
[EventDate "2019.03.31"]
[EventType "tourn"]
[EventRounds "9"]
[EventCountry "AZE"]
[EventCategory "22"]
[SourceTitle "CBM 190"]
[Source "ChessBase"]
[SourceDate "2019.06.30"]
[SourceVersion "1"]
[SourceVersionDate "2019.06.30"]
[SourceQuality "1"]

{[%evp 0,89,19,25,23,27,27,-14,-6,-11,39,35,43,55,43,47,16,15,0,-3,-15,-6,11,
-36,-7,-5,0,-28,-36,-15,-33,-48,-36,-50,13,-44,-57,-59,-42,-105,-1,-9,-47,-17,
23,39,14,1,24,0,0,0,0,0,0,0,-6,41,43,68,108,114,108,106,106,0,90,90,83,85,91,
94,91,95,99,109,143,165,139,139,139,172,160,155,173,173,174,166,173,279,306,
325]} 1. d4 Nf6 2. Nf3 d5 3. c4 e6 4. Nc3 c6 5. e3 Nbd7 6. Bd3 dxc4 7. Bxc4 b5
8. Bd3 a6 9. e4 c5 10. e5 cxd4 11. Nxb5 axb5 12. exf6 gxf6 13. O-O Qb6 14. Qe2
b4 {The old continuation.} (14... Bb7 {was successfully tested by Vishy Anand
in his World Championship match against Vladimir Kramnik in 2008.}) 15. Bf4 (
15. Rd1 {is more common but David Navara prefers to put this rook to the open
c-file.}) 15... h5 (15... Bc5 16. Nd2 (16. Rfd1 {leads to the 15.Rd1 line}) (
16. Bg3 h5 17. Rfc1 $5) (16. Rfc1 $5) 16... Bb7 (16... Ba6 17. Nc4 Bxc4 18.
Bxc4 Bd6 19. Bxe6 $6 fxe6 20. Qxe6+ Be7 21. Qe4 Ra5 $17 {1/2 (62) Vaganian,R 
(2577)-Strutinskaya,G (2237) Yerevan 2016}) 17. Rac1 e5 (17... Rg8 $5 18. Bg3
Rxa2) 18. Rfe1 h5 19. Be4 Bxe4 20. Nxe4 Be7 21. Ng3 Qa6 22. Qe4 Nc5 23. Rxc5
Bxc5 24. Bxe5 O-O $13 {1/2 (72) Gordievsky,D (2448)-Potapov,P (2468)
Khanty-Mansiysk 2013}) (15... Bb7 16. Rfc1 Bc5 17. Nd2 (17. Bg3 h5 18. a4 Kf8
$6 (18... bxa3 $5 19. bxa3 Rxa3 $13) 19. Bb5 Rd8 20. a5 Bxf3 21. gxf3 Qa7 22.
Bxd7 Rxd7 23. Qb5 $16 {1-0 (36) Wells,P (2492)-Mueller,M (2395) Germany 1999})
17... Rg8 18. Bg3 (18. Be4 f5 $1 19. Bf3 Ke7 20. a4 Rac8 21. Bg3 d3 $1 22. Qxd3
Rxg3 23. hxg3 Bxf2+ $17 {0-1 (26) Hambartsumian,Y (2322)-Khismatullin,D (2646)
Yerevan 2015}) 18... Ne5 19. Ne4 Be7 20. Bxe5 fxe5 21. Qh5 Kf8 $13 {1/2 (58)
Sasikiran,K (2611)-Sriram,J (2390) New Delhi 2001}) 16. Rfc1 Bc5 17. a4 $5 (17.
Nd2 $5 e5 18. Bf5 Kf8 (18... Be7 $142 $13) 19. Ne4 Be7 20. Bd2 Nc5 21. Bxc8
Rxc8 22. Rc4 $36 {1-0 (36) Vandevoort,P (2357)-Van de Oudeweetering,A (2337)
Netherlands 2009}) 17... bxa3 (17... Kf8 18. Bg3 Kg7 19. Bb5 Ba6 20. Bxa6 Rxa6
21. b3 Raa8 22. Ra2 Qb7 23. Rac2 Qd5 24. Qc4 $13 {0-1 (71) Saladen Dulce,R 
(2287)-Echavarria,J (2372) Cali 2001}) 18. bxa3 Ba6 19. Rab1 Bxd3 20. Qxd3 Rxa3
21. Qxa3 Bxa3 22. Rxb6 Bxc1 23. Rc6 Bxf4 24. Rc8+ Ke7 25. Rxh8 {[%mdl 4096]} d3
26. Kf1 Nc5 27. Rxh5 Ne4 28. Rh4 {Despite complications, the resulting endgame
should end in a draw.} e5 (28... d2 $144 29. Nxd2 Nxd2+ 30. Ke2 Bg5 31. Rb4 e5
32. g3) 29. g3 d2 30. Nxd2 Nxd2+ 31. Ke2 Bg5 32. Rb4 (32. Rh8 Nb3 33. h4 Nd4+
34. Kd1 Ke6 35. hxg5 fxg5 {is quite drawish, too.}) 32... e4 $6 (32... Kd6 $1 {
[%cal Yd6c6] was the right way to rescue the d2 knight. If} 33. f4 {then} exf4
34. gxf4 Kc5 $1 35. Ra4 Kb5 $11) 33. Rd4 Nb3 34. Rxe4+ Kd6 (34... Kd7 $5) (
34... Kf8 $5) 35. h4 Bh6 36. h5 Kd7 37. Rb4 Nc1+ $2 {This knight will be lost
in White's camp.} (37... Nc5 38. Rb8 f5 39. Rh8 Bg7 40. Rh7 Bd4 41. Rxf7+ Ke6 {
with drawing chances.}) 38. Kf3 Ke6 39. Rb6+ Kf5 40. Rb5+ Ke6 41. Ke4 Ne2 42.
Rb6+ Ke7 43. Kd3 Nc1+ (43... Ng1 44. f4 {[%csl Rg1][%cal Rb6b1]}) 44. Kc4 Ne2
45. Rb1 $1 1-0

[Event "Dos Hermanas"]
[Site "Dos Hermanas"]
[Date "1994.??.??"]
[Round "9"]
[White "Lautier, Joel"]
[Black "Morovic Fernandez, Ivan"]
[Result "1-0"]
[WhiteElo "2625"]
[BlackElo "2605"]
[Annotator "Lautier,J"]
[PlyCount "63"]
[EventDate "1994.04.??"]
[EventType "tourn"]
[EventRounds "9"]
[EventCountry "ESP"]
[EventCategory "16"]
[SourceTitle "CBM 041"]
[Source "ChessBase"]
[SourceDate "1994.08.01"]
[SourceVersion "1"]
[SourceVersionDate "1994.08.01"]
[SourceQuality "1"]

1. d4 {Ftacnik Ernst} d5 2. c4 c6 3. Nf3 Nf6 4. Nc3 e6 5. e3 Nbd7 6. Bd3 dxc4
7. Bxc4 b5 8. Bd3 a6 9. e4 c5 10. e5 cxd4 11. Nxb5 axb5 12. exf6 gxf6 (12...
Qb6 {Ftacnik} 13. fxg7 Bxg7 14. O-O) 13. O-O (13. Nxd4 {Ftacnik} Bb7 (13... Qb6
14. Be3 Bb4+ 15. Kf1 Bc5 16. Bxb5 e5 17. Bxd7+ Bxd7 18. Qf3 Qa6+ 19. Ne2 Rg8
20. Bxc5 Bc6 21. Qh5 Bxg2+ 22. Ke1 Bxh1 23. Qxh7 O-O-O 24. Rc1 $19 {Alterman,
B-Chernin,A/Groningen PCA (03)/1993/0-1 (27)}) 14. Be3 $1 Bxg2 15. Rg1 Bd5 16.
Bxb5 $1 Qc7 17. Qd3 $1 $16 Qxh2 18. Bxd7+ Kxd7 19. Qb5+ Kd8 $8 20. Nc6+ Kc7 21.
Bb6+ Kc8 $2 22. Na7+ $1 Kb7 {Alterman,B-Har Zvi,R/Israel/1993/1-0 (23)}) 13...
Qb6 14. Qe2 $5 $146 (14. Be4 {Ftacnik} Bb7 15. Bxb7 Qxb7 16. Nxd4 Rg8 17. f3 (
17. Qf3 Qxf3 18. Nxf3 Rg4 (18... Bc5 $142 {Keres,P}) 19. b3 Nb6 (19... Bc5 20.
Rd1 Ne5 21. Nxe5 fxe5 22. a3 Rd4 23. Bb2 Rxd1+ 24. Rxd1 $10 {Miralles,G-Van
der Wiel,J/Cannes FRA-NLD/1990/0.5 (60)}) (19... Ne5 $5 {Keres,P} 20. Nxe5 fxe5
21. Be3 $10 (21. Bb2 $6 Re4 $1 $15)) 20. Bb2 Nd5 21. a3 Bc5 22. Rfc1 Bb6 23. g3
(23. h3 {RR} Re4 $6 (23... Rf4 $142 $10) 24. Kf1 Rd8 25. Rd1 b4 26. a4 Nc3 $1
$10 {Alekhine,A-Keres,P/Prague/1943/1/2-1/2/}) 23... Kd7 24. Rd1 $10 {Illescas
Cordoba,M-Smyslov,V/Barcelona/1990/0.5 (50)}) 17... Ne5 (17... Bc5 {Ernst} 18.
Be3 $14) 18. Qe2 Bc5 19. Be3 Rd8 20. Rad1 Nc4 21. Bf2 Qb6 22. b3 Bxd4 23. bxc4
bxc4 24. Rc1 $10 {Kamsky,G-Kramnik,V/Linares (13)/1994/0.5 (30)}) 14... Ba6 (
14... b4 $5) (14... b4 {Ftacnik Ernst} 15. Rd1 Bc5 $15 {Kashdan-Horowitz/USA
(ch)/1946/}) 15. a4 Bd6 $6 (15... bxa4 16. Rxa4 Bb7 (16... Nc5 {Ftacnik} 17.
Bxa6 Nxa4 18. Bb5+ Ke7 19. Rd1 Bg7 20. Nxd4 $44) 17. Rxd4 $14) (15... Nc5 $1)
16. a5 $1 (16. axb5 Bb7 17. Rxa8+ Bxa8 18. Be4 $10 (18. Rd1 {Ftacnik} Ne5 $13))
16... Qc5 17. Qe4 $1 (17. b4 $6 Qh5 18. Qe4 Ke7 $1 $15) 17... Rb8 $8 (17... Ke7
18. Nxd4 Ne5 19. Bf4 $16) 18. b4 Qh5 (18... Qxb4 $2 {Ftacnik} 19. Ba3 $16) 19.
Qxd4 $1 (19. Qc6 $6 Rg8 $1 (19... Bb7 $2 20. Qxd6 Bxf3 21. Bf4 $1 $16) 20. Qxa6
(20. Be4 $2 Bb7 21. Qxd6 Bxe4 $17) 20... Qxf3 21. g3 Bxg3 22. hxg3 Rxg3+ (22...
Qxd3 $6 23. Qd6 {/\ a6}) 23. fxg3 Qxg3+ $10) 19... Ne5 $5 (19... Bb7 $2 20.
Qxd6 Bxf3 21. Bf4 $1 $18) (19... Rg8 20. Be4 $1 $16) 20. Bf4 $5 (20. Qxd6 $1
Rd8 (20... Nxf3+ $2 {Chandler: forces mate.} 21. Kh1 $1 (21. gxf3 $2 Rg8+ 22.
Kh1 Qxf3#) 21... Rd8 22. Qc6+ Ke7 23. Bf4 $18 (23. gxf3 {Ftacnik} Rxd3 24. Be3
$40)) 21. Qxd8+ $1 (21. Qxa6 $4 Nxf3+ 22. gxf3 Rg8+ $19) 21... Kxd8 22. Nxe5 (
22. Be2 Rg8 $17) 22... Qxe5 23. Be3 Rg8 24. Rfd1 Ke8 25. Bc5 $1 $16) 20...
Nxf3+ (20... Rd8 $6 21. Be4 $1 $16 (21. Be2 $14 {Ftacnik}) (21. Rfd1 $2 Qxf3 $3
$17)) 21. gxf3 Rd8 $1 (21... Bxf4 {Ftacnik} 22. Qxf4 Rg8+ 23. Kh1 Rd8 24. Be4
$14) (21... Rg8+ 22. Bg3) 22. Rfd1 $1 (22. Bxd6 $4 Rg8+ $19 (22... Rg8+ {
Ftacnik} 23. Kh1 Qxf3# $19)) (22. Be4 Qxh2+ $1 23. Bxh2 Bxh2+ 24. Kxh2 Rxd4 25.
Rfd1 (25. Rfc1 $6 f5 $15) 25... Rxd1 26. Rxd1 Ke7 $10) 22... Qh4 (22... Bxf4 $2
23. Qxf4 Rxd3 (23... Bb7 24. Be4 $18) 24. Qb8+ $1 (24. Rxd3 $2 Qg6+ 25. Qg3
Qxd3 26. Qb8+ Ke7 27. Qxh8 Qxf3 $44 {/\ Bb7}) 24... Ke7 25. Qxh8 Qg6+ (25...
Qxf3 26. Rxd3 Qxd3 27. Qa8 $1 $18) 26. Kf1 Bb7 27. Rac1 Bxf3 28. Rc7+ Kd6 29.
Qd8+ Ke5 30. Qxd3 Qg2+ 31. Ke1 Qg1+ 32. Qf1 $18) (22... Rg8+ $6 23. Kf1 (23.
Bg3 $2 Bxg3 24. Bxb5+ Ke7 25. Qa7+ Bc7+ $1 $19) 23... Qh4 (23... Be5 $2 {
Ftacnik} 24. Qxd8+ Kxd8 25. Bg6+ $16) 24. Be3 $16) 23. Bxd6 (23. Qxd6 $5 {
Morovic}) 23... Rg8+ (23... Qxd4 24. Bxb5+ Bxb5 25. Rxd4 Rg8+ 26. Kh1 Bc6 27.
h4 $1 (27. Ra3 $6 Bd5 $1 28. Bc5 (28. Rxd5 {Ftacnik} exd5 29. a6 Rxd6 30. a7
Kd7 31. a8=Q Rxa8 32. Rxa8 d4 $10) 28... e5 29. Rxd5 (29. Rdd3 $4 Bxf3+ 30.
Rxf3 Rd1#) 29... Rxd5 30. Ra1 Kd7 31. a6 Kc6 $13) 27... Bxf3+ 28. Kh2 Rg2+ 29.
Kh3 $16 (29. Kh3 $16 {Ftacnik Ernst} Rxf2 $2 30. Kg3 $18)) 24. Bg6 $1 $8 (24.
Kf1 $4 Qxd4 25. Bxb5+ Bxb5+ $19) (24. Kh1 $4 Qh3 $19) 24... Rxg6+ 25. Kf1 Qh3+
(25... Qxd4 {Ftacnik Ernst} 26. Rxd4 $16) 26. Ke2 Bb7 27. Ra3 Bd5 28. Qc5 Bc4+
29. Ke3 e5 $2 {Zeitnot} (29... f5 $1 {/\ e5} 30. Kd2 $1 (30. a6 $6 e5 $1 {
/\ Qh6} 31. Qc6+ Rd7 32. Qc8+ $10) 30... e5 (30... Qxh2 $2 31. Qc6+ Rd7 32.
Qxd7+ $18) 31. Kc2 $16 {/\} (31. Kc1 $4 Qh6+ $19 {/\ Rgd6}) 31... Qh6 $2 32.
Qc6+ Rd7 33. Qxd7+ $1 Kxd7 34. Bf8+ $18) 30. Qc6+ (30. Bf8 {Ftacnik} Qe6 31.
Rxd8+ Kxd8 32. Qd6+ Qxd6 33. Bxd6 Kd7 34. Bc5 $16) 30... Qd7 (30... Rd7 $2 31.
Qc8+ Rd8 32. Qxh3 $18) 31. Qxd7+ Rxd7 32. a6 (32. a6 Ra7 33. Bb8 (33. Bc5 {
Ftacnik} Ra8 34. a7 $18) 33... Ra8 34. a7 Rg8 (34... f5 35. Bc7 $1 {/\ Rd8+-})
35. Ra6 Ke7 36. Bd6+ Ke6 37. Rb6 $1 {/\ Rb8} Rgc8 38. Bc5+ Kf5 39. Rd7 $18 {
/\ Rb7-b8}) 1-0

[Event "EU-chT (Men) 12th"]
[Site "Batumi"]
[Date "1999.12.01"]
[Round "3.1"]
[White "Lautier, Joel"]
[Black "Ivanchuk, Vassily"]
[Result "1-0"]
[WhiteElo "2653"]
[BlackElo "2702"]
[Annotator "Lautier,J"]
[PlyCount "87"]
[EventDate "1999.11.06"]
[EventType "team-swiss"]
[EventRounds "9"]
[EventCountry "GEO"]
[SourceTitle "CBM 074"]
[Source "ChessBase"]
[SourceDate "2000.02.01"]
[SourceVersion "1"]
[SourceVersionDate "2000.02.01"]
[SourceQuality "1"]
[WhiteTeam "France"]
[BlackTeam "Ukraine"]
[WhiteTeamCountry "FRA"]
[BlackTeamCountry "UKR"]

1. Nf3 d5 2. d4 Nf6 3. c4 c6 4. Nc3 e6 5. e3 Nbd7 6. Bd3 dxc4 7. Bxc4 b5 8. Bd3
a6 9. e4 c5 10. e5 cxd4 11. Nxb5 Ng4 12. Qa4 Bb7 13. Nbxd4 Qb6 14. O-O Bc5 15.
h3 Bxf3 16. hxg4 Bd5 17. Nf3 h5 $6 $146 18. g5 (18. gxh5 $2 Bxf3 (18... Rxh5 $2
19. Qg4 Rxe5 (19... g6 20. Bxg6 $16) 20. Nxe5 Nxe5 21. Qh3 Nxd3 22. Qxd3 $16)
19. gxf3 Rxh5 20. f4 Rh4 $1 $15) (18. Qf4 $6 hxg4 19. Ng5 f5 20. exf6 gxf6 21.
Ne4 Bd4 $15) 18... Qb7 19. Qf4 O-O 20. b3 (20. Re1 {/\ Qg3, Nd2-e4} Rad8 21.
Qg3 (21. Nd2 $2 Bxg2 22. Ne4 Bxe4 23. Bxe4 Qb6 $15) 21... Bb6 (21... Bxf3 22.
gxf3 Bd4 23. f4 Nc5 24. Bf1 Ne4 25. Bg2 Nxg3 26. Bxb7 a5 27. Kg2 Rb8 (27... Nf5
28. Be4 Rb8 29. Rb1 $16) 28. Bf3 Nf5 29. Bxh5 Bxb2 $14) 22. g6 Nc5 23. gxf7+
Rxf7 24. Bg6 Ne4 25. Bxf7+ Qxf7 26. Rxe4 Bxe4 27. Be3 Bxe3 28. fxe3 Bxf3 29.
gxf3 Rd2 $11) 20... a5 (20... Rfd8 21. Bb2 a5 22. g6 $1 fxg6 23. Bxg6 Rf8 24.
Qh4 Bxf3 25. gxf3 Qxf3 26. Bxh5 (26. Be4 Qe2 27. Bxa8 Qxb2 $132) 26... Qf4 27.
Bg4 Rf7 28. Rae1 (28. Rac1 Raf8 $132) 28... Raf8 (28... Nf8 29. Bc1 $1 Qb4 30.
Be3 $16) 29. Re2 $16) 21. Bd2 Bb4 (21... Rfd8 22. Rad1 (22. g6 fxg6 23. Bxg6
Rf8 24. Qh2 Bxf3 25. gxf3 Qxf3 26. Bxh5 Qf5 $44) 22... g6 23. Be2 Bb4 24. g4 $1
Nc5 (24... hxg4 25. Nh2 $1 Bh1 26. f3 gxf3 27. Nxf3 Bxf3 28. Bxf3 Qb6+ 29. Kg2
$16) 25. gxh5 gxh5 26. Nh4 (26. Nd4 Ne4 27. Bxb4 (27. Be3 Nc3 28. Bxh5 Nxd1 29.
Rxd1 Rd7 $13) 27... axb4 28. Bxh5 Rxa2 $132) 26... Ne4 27. Bxb4 axb4 28. Bxh5
Rxa2 29. Rd4 $16) 22. Rad1 $16 Rad8 (22... Nc5 23. Bc4 $1 (23. Bb1 Ne4 24. Be1
(24. Bxb4 axb4 25. Bxe4 Bxe4 26. Rd4 Bxf3 27. Rxb4 Qe7 28. gxf3 Rxa2 $14) (24.
Qh4 g6 25. Bxb4 axb4 26. Rd4 Nc3 27. Rxb4 Qc7 28. a4 Rfb8 $1 $14 (28... Bxf3
29. gxf3 Qxe5 30. Rc4 Rac8 $14)) 24... Bxe1 25. Rdxe1 (25. Bxe4 $2 Bxf2+ $1 $11
) 25... Nc3 $14) 23... Ne4 24. Be1 $1 (24. Bxd5 exd5 25. Qh4 (25. Be3 Nc3 26.
Rd2 a4 $132 (26... d4 $2 27. Qxd4 Nb5 28. Qd7 $18)) 25... g6 26. g4 hxg4 27.
Qxg4 (27. Bxb4 $6 axb4 28. Nh2 g3 29. Ng4 Rxa2 $132) 27... Rfe8 $44) 24... Rac8
25. Bxd5 exd5 26. Nd4 $16) 23. Be2 (23. Bb1 $2 Bxf3 24. gxf3 Nxe5 25. Qxe5 (25.
Bxb4 $4 Nxf3+ 26. Kh1 Nd2+ $1 27. f3 Qxb4 $19) (25. Be4 $6 Qb5 $15) 25... Bxd2
$11) 23... Nc5 (23... Qb8 24. Rfe1 $16) 24. Bxb4 (24. Ne1 $5 g6 (24... Ne4 25.
Bxb4 axb4 26. Bxh5 Nc3 27. Rd2 $16) 25. f3 $16) 24... Qxb4 (24... axb4 $142 25.
Rd4 Qa8 26. Qd2 (26. Rxb4 $6 Qxa2 27. Nd4 g6 $14) 26... Ne4 27. Qxb4 Rb8 28.
Qe1 Qxa2 29. Bc4 (29. b4 $2 Qb2 $44 {/\ Ng5, /\ Nc3}) (29. Bd1 Nc5 30. b4 Nd7
31. Qe3 Qb2 $14) 29... Nc5 30. Bxd5 exd5 31. Rxd5 Ne6 $16) 25. Rd4 (25. Qe3 $5
$16) 25... Qa3 26. Qd2 (26. g6 $2 Qxa2 27. Rd2 Qxb3 $15) 26... a4 (26... Rd7
27. g6 $1 fxg6 28. Nh4 $16 Rfd8 $140 29. Nxg6 Bxg2 30. Ne7+ $1 Kf8 31. Qf4+
Kxe7 32. Bxh5 Rf8 33. Qg5+ $18) (26... Rc8 {/\ Ne4-c3} 27. g6 $1 fxg6 (27...
Ne4 28. Qe3 $16) 28. Nh4 $1 (28. Qg5 $2 Qb2 $1 (28... Qxa2 $2 29. Qxg6 Qxe2 30.
Ng5 Rf5 31. Qh7+ Kf8 32. Qh8+ Ke7 33. Qxg7+ Ke8 34. Qg6+ Ke7 35. Rxd5 $18) 29.
Rd2 (29. Qxg6 $2 Bxf3 $19) 29... Qc3 $13) 28... Be4 (28... Ne4 29. Qe3 Rc3 30.
Rd3 Qxa2 31. Nxg6 Re8 32. Bf3 Rxd3 33. Qxd3 Nd2 34. Bxd5 Nxf1 35. Bxe6+ Rxe6
36. Qd8+ Kh7 37. Nf8+ Kh6 38. Nxe6 $18) 29. Bc4 $16) (26... g6 27. Rd1 $16 (27.
Bc4 Bxc4 28. Rxd8 Bxf1 29. Rxf8+ Kxf8 30. Kxf1 $16)) 27. bxa4 Ne4 (27... Nxa4
28. g6 $1 fxg6 (28... Nc3 29. gxf7+ Rxf7 30. Ng5 $16) 29. Nh4 Nc3 30. Nxg6 $16)
28. Qb4 (28. Qc1 $6 Qxa2 29. Bc4 (29. Bd3 Ng3 $1 30. fxg3 (30. Rd1 $2 Bxf3 31.
Rxd8 Rxd8 32. gxf3 Rxd3 33. fxg3 Rxf3 $19) 30... Bxf3 31. Rf2 Qxf2+ 32. Kxf2
Rxd4 33. gxf3 Rxd3 $11) 29... Bxc4 30. Qxc4 Qxc4 31. Rxc4 Nd2 32. Nxd2 Rxd2
$132) 28... Qxb4 29. Rxb4 Nc3 30. Re1 Nxa2 (30... Ra8 31. a3 $16) 31. Rh4 Nc3
32. Bf1 Ra8 33. Ra1 Rfb8 $2 (33... Ra5 $8 34. Ra3 Nb1 (34... Rc8 35. Nd2 {
/\ Nc4} Rcc5 36. Nb3 Bxb3 37. Rxb3 g6 (37... Rxa4 $2 38. Rxc3 $18) (37... Nxa4
$2 38. Rb8+ Kh7 39. Bd3+ g6 40. Rxh5+ Kg7 41. Rhh8 $18) 38. Rd4 Rc8 39. Rbb4
Rxe5 40. Rdc4 Rxc4 41. Rxc4 Nd1 42. Rc1 Nb2 43. Bb5 Rd5 44. Kf1 $16) 35. Rd3 (
35. Re3 Rc8 $16) 35... Rb8 (35... Rfa8 $2 36. Rb4 $18) 36. Be2 g6 $16) 34. a5
$18 g6 35. Rd4 Rb2 36. Rd2 Rb4 37. Rd4 Rb2 38. Rd2 Rb4 39. Rc2 Nb5 40. Rc5 Na7
41. Rac1 {/\ a6, Rc7-d7, Rcc7+-} Nc6 42. Rxd5 exd5 43. Rxc6 Rxa5 44. e6 (44. e6
fxe6 45. Bd3 $1 (45. Rxe6 Rb1 (45... Ra1 46. Rxg6+ Kf8 47. Rd6 Rbb1 48. Nd2 Rd1
49. Rxd5 Ra2 50. Rf5+ Kg7 51. Nf3 $18) 46. Rxg6+ Kf7 47. Rf6+ Ke7 $132) 45...
Ra1+ 46. Kh2 Ra2 47. Rxe6 Rxf2 48. Rxg6+ Kf8 49. Kg3 Rbb2 50. Nh4 Rfd2 51. Rf6+
$18 {o^g}) 1-0

[Event "EU-Cup 13th final"]
[Site "Kazan"]
[Date "1997.12.28"]
[Round "1"]
[White "Bareev, Evgeny"]
[Black "Chernin, Alexander"]
[Result "1/2-1/2"]
[WhiteElo "2670"]
[BlackElo "2640"]
[Annotator "Lutz,C"]
[PlyCount "69"]
[EventDate "1997.12.28"]
[EventType "team-k.o."]
[EventRounds "4"]
[EventCountry "RUS"]
[SourceTitle "EXT 2020"]
[Source "ChessBase"]
[SourceDate "2019.10.17"]
[SourceVersion "1"]
[SourceVersionDate "2019.10.17"]
[SourceQuality "1"]
[WhiteTeam "Azov Ladya"]
[BlackTeam "Graz Merkur Versicherung"]
[WhiteTeamCountry "RUS"]
[BlackTeamCountry "AUT"]

1. d4 d5 2. c4 c6 3. Nf3 Nf6 4. Nc3 e6 5. e3 Nbd7 6. Bd3 dxc4 7. Bxc4 b5 8. Bd3
a6 9. e4 c5 10. e5 cxd4 11. Nxb5 Ng4 12. Qa4 Bb7 13. Nbxd4 Qb6 14. O-O Bc5 15.
h3 Bxf3 16. hxg4 Bd5 (16... Bxd4) (16... Bb7) 17. Nf3 $146 (17. Nb3 O-O $1 18.
Qxd7 Bxb3 19. Bxh7+ Kxh7 20. Qd3+ Kg8 21. Qxb3 Qxb3 22. axb3 Rfb8 23. Ra4 Rxb3
24. Rc4 {1/2-1/2 Stohl,I-Chernin,A/Brno 1993}) 17... Qb7 (17... O-O $2 18. Qxd7
Rad8 19. Qa4 Bxf3 20. Bxh7+ Kxh7 21. gxf3 $16) 18. Qf4 $5 O-O 19. Qh2 f5 20.
exf6 Nxf6 21. g5 Ne4 22. Be3 {Die schwarze Initiative sieht bedrohlich aus,
daher gibt Wei� seinen Bauern zur�ck und leitet in eine ausgeglichene
Stellung �ber. Aber vielleicht war 22.b3!? m�glich :} (22. b3 $5 Rf5 23.
Be3 (23. Bb2 Raf8 24. Rac1 Qb6 $40) 23... Bxe3 24. fxe3 Qb6 25. Rae1 $5 {
/\ Be4, Nd4}) 22... Bxe3 23. fxe3 Qxb2 24. g6 h6 (24... hxg6 $2 25. Bxe4 Bxe4
26. Ng5 $18) 25. Bxe4 Bxe4 26. Qe5 Qxe5 27. Nxe5 Rac8 28. Rf4 Rxf4 29. exf4 $10
Kf8 (29... Rc2 30. g4 {/\ Rd1}) 30. Rd1 Bd5 31. a4 Ke7 32. Rb1 h5 (32... Rc2
33. g4) 33. Rb6 Kf6 (33... Rc2 34. Rxa6 Rxg2+ 35. Kf1 $132 {/\ Ra7}) 34. g4 (
34. Rxa6 Kf5 $5) 34... hxg4 35. Nxg4+ (35. Nxg4+ Kxg6 (35... Kf5 36. Ne3+ $10)
36. Ne3 $10) 1/2-1/2